00510nam a2200181Ia 4500008004100000020002500041040001900066041001200085082003200097100001600129245005200145260002600197300002400223440003000247650000800277700001800285850002500303131103s9999 xx 000 0 und d a81 243 0286 3cRs.80 aLoreto College aEnglish aREF/SCI/CR/FORbLCBED/11999 aFord, Harry aSpace and spaceflightcHarry Ford & Kay Barnham aBombaybNavneetc1994 a32p.b ill.c 25cm. a100 Questions and answers aREF aBarnham, Kay  aLCBED/REF/SCI/CR/FOR